| 000 | 00498pam a2200169 a 4500 | ||
|---|---|---|---|
| 020 | _a0891160248 : | ||
| 082 | 0 | 0 |
_a621.4022 _bSIM _cL-39, P-46 |
| 100 | 1 |
_aSimonson, John R. _941781 |
|
| 245 | 1 | 0 |
_aEngineering heat transfer / _cJ.R. Simonson. |
| 250 | _a2nd ed. | ||
| 260 |
_aNew York : _bHemisphere Pub. Corp., _c1989. |
||
| 300 |
_axiii, 266 p. : _bill. ; _c23 cm. |
||
| 526 |
_a0 _b0 _c0 _d621_402200000000000_SIM |
||
| 650 | 0 |
_aHeat _xTransmission. _91537 |
|
| 650 | 0 |
_aMCE _9379 |
|
| 942 |
_2ddc _cBK |
||
| 999 |
_c545823 _d545823 |
||